[Event "?"]
[Site "?"]
[Date "2004.04.01"]
[Round "11.8"]
[White "Arakhamia-Grant, K."]
[Black "Zaiatz, E."]
[Result "1/2-1/2"]
[WhiteElo "2435"]
[BlackElo "2333"]
[PlyCount "136"]
[EventDate "2004.03.21"]

1. e4 e5 2. Nf3 Nc6 3. Bb5 Nf6 4. d3 d6 5. c3 g6 6. Nbd2 Bg7 7. Nf1 a6 8. Bxc6+
bxc6 9. Ng3 c5 10. O-O O-O 11. h3 Bb7 12. Re1 h6 13. Qc2 Re8 14. Be3 Kh7 15.
Nh2 Qe7 16. f3 Nd7 17. Rad1 Rac8 18. Nhf1 Nf8 19. Bf2 Ne6 20. Ne3 Qf8 21. Ne2
Bc6 22. Nd5 f5 23. Rf1 Qf7 24. d4 cxd4 25. cxd4 Bxd5 26. exd5 Nf8 27. dxe5 dxe5
28. Qc6 Qf6 29. Rc1 Red8 30. Qxf6 Bxf6 31. Rc6 Kg7 32. Nc3 Rd6 33. Rc4 Nd7 34.
Rc1 Bd8 35. Kf1 Kf7 36. g4 Nf6 37. Rd1 Nd7 38. Ke2 Rb8 39. b3 Rc8 40. Na4 Nf6
41. Rc5 Be7 42. Ra5 Rcd8 43. Nc3 R6d7 44. a3 Ra8 45. b4 Rdd8 46. Bc5 Bd6 47.
Be3 Rh8 48. Na4 Nd7 49. Nc5 Nb6 50. Rxa6 Nc4 51. Bc1 Rxa6 52. Nxa6 Ra8 53. b5
f4 54. Kd3 Nxa3 55. Bxa3 Bxa3 56. Nxc7 Rb8 57. Ra1 Bd6 58. Ra7 Kf6 59. Ra6 Ke7
60. Rc6 Bxc7 61. Rxc7+ Kd6 62. Rc6+ Kxd5 63. Rxg6 Rxb5 64. Rxh6 Rb3+ 65. Ke2
Rb2+ 66. Ke1 Rb1+ 67. Kd2 Rb3 68. Ke2 Rb2+ 1/2-1/2

[Event "?"]
[Site "?"]
[Date "2004.04.01"]
[Round "11.9"]
[White "Gaponenko, I."]
[Black "Lomineishvili, M."]
[Result "1/2-1/2"]
[WhiteElo "2430"]
[BlackElo "2397"]
[PlyCount "138"]
[EventDate "2004.03.21"]

1. e4 c6 2. d4 d5 3. exd5 cxd5 4. c4 Nf6 5. Nc3 e6 6. Nf3 Be7 7. cxd5 exd5 8.
h3 O-O 9. Bd3 Nc6 10. O-O Be6 11. Bf4 Rc8 12. Rc1 Nh5 13. Bh2 g6 14. Na4 Ng7
15. Bb5 Qa5 16. Bxc6 Rxc6 17. Rxc6 bxc6 18. Qc2 Rc8 19. Rc1 Nf5 20. a3 Nd6 21.
Nc5 Bf5 22. Qe2 Ne4 23. Ne5 Nxc5 24. dxc5 Bf8 25. g4 Be6 26. Nf3 Re8 27. Qd3
Bc8 28. b4 Qa4 29. Be5 a5 30. Bb2 Bg7 31. Bxg7 Kxg7 32. Re1 Rxe1+ 33. Nxe1 axb4
34. Qd4+ Kg8 35. axb4 Ba6 36. Nf3 Qb5 37. Nd2 Qe2 38. Kg2 h5 39. g5 Bc8 40. Qe3
Qxe3 41. fxe3 f6 42. gxf6 Kf7 43. Nb3 Kxf6 44. Nd4 Bd7 45. b5 cxb5 46. c6 Bc8
47. Nxb5 Ke7 48. h4 Ba6 49. Nd4 Kd6 50. Kf3 Ke5 51. Kg3 Ke4 52. Kf2 Ke5 53. Kf3
Bc8 54. Nb5 Ba6 55. c7 Ke6 56. Kf4 Kd7 57. Nc3 Kxc7 58. Ke5 Kd7 59. Nxd5 Bd3
60. Kf6 Kd6 61. Nf4 Bb1 62. Nxg6 Kd5 63. Kg5 Ke4 64. Kxh5 Bc2 65. Kg5 Bd1 66.
Nf4 Kxe3 67. Nd5+ Kd4 68. Nf6 Ke5 69. Ng4+ Bxg4 1/2-1/2

[Event "?"]
[Site "?"]
[Date "2004.04.01"]
[Round "11.10"]
[White "Paehtz, E."]
[Black "Danielian, E."]
[Result "1-0"]
[WhiteElo "2399"]
[BlackElo "2428"]
[PlyCount "59"]
[EventDate "2004.03.21"]

1. e4 e6 2. d4 d5 3. Nc3 Nf6 4. e5 Nfd7 5. f4 c5 6. Nf3 Nc6 7. Be3 a6 8. Qd2 b5
9. a3 Qb6 10. Rd1 c4 11. f5 b4 12. axb4 Bxb4 13. Bxc4 dxc4 14. d5 Nc5 15. dxc6
O-O 16. f6 gxf6 17. exf6 Kh8 18. Bxc5 Bxc5 19. Qh6 Rg8 20. Ng5 Rxg5 21. Qxg5
Bf8 22. Na4 Qc7 23. O-O e5 24. Rfe1 Be6 25. Rxe5 Qxc6 26. Nc5 h6 27. Qe3 Bg4
28. Rd4 Rc8 29. h3 Bd1 30. Nd7 1-0

[Event "?"]
[Site "?"]
[Date "2004.04.01"]
[Round "11.11"]
[White "Kovalevskaya, E."]
[Black "Mkrtchian, L."]
[Result "1-0"]
[WhiteElo "2451"]
[BlackElo "2395"]
[PlyCount "99"]
[EventDate "2004.03.21"]

1. e4 c5 2. Nf3 e6 3. d3 d5 4. Nbd2 Nf6 5. g3 Nc6 6. Bg2 Be7 7. O-O O-O 8. Re1
b5 9. e5 Ne8 10. d4 c4 11. c3 a5 12. a3 Bd7 13. h4 b4 14. a4 Rb8 15. Ng5 Bxg5
16. hxg5 Qxg5 17. Nxc4 Qg6 18. Ne3 b3 19. Bf3 h6 20. Bh5 Qh7 21. Be2 f5 22.
exf6 Nxf6 23. Bd3 g6 24. Ng2 Ne4 25. Bf4 Rb7 26. Rxe4 dxe4 27. Bxe4 Be8 28. Qd2
Rbf7 29. Rf1 Rf5 30. g4 Rxf4 31. Nxf4 Nd8 32. Nd3 Bc6 33. Bxc6 Nxc6 34. Re1 h5
35. Qg5 Nd8 36. gxh5 Qxh5 37. Qxh5 gxh5 38. Re5 Rf3 39. Nc5 Nf7 40. Rxe6 h4 41.
Kg2 Rf5 42. Ne4 Rf4 43. f3 h3+ 44. Kxh3 Rxf3+ 45. Kg4 Rf1 46. Rb6 Rg1+ 47. Kf4
Rf1+ 48. Ke3 Re1+ 49. Kd3 Ra1 50. Rxb3 1-0

[Event "?"]
[Site "?"]
[Date "2004.04.01"]
[Round "11.12"]
[White "Radziewicz, I."]
[Black "Pogonina, N."]
[Result "1-0"]
[WhiteElo "2442"]
[BlackElo "2382"]
[PlyCount "87"]
[EventDate "2004.03.21"]

1. d4 Nf6 2. c3 g6 3. Bf4 b6 4. e3 Bb7 5. Nf3 Bg7 6. h3 O-O 7. Nbd2 d6 8. Bc4
c5 9. O-O Nbd7 10. Bh2 Qc7 11. Qe2 Ne4 12. Nxe4 Bxe4 13. Nd2 Bb7 14. a4 Nf6 15.
Rfc1 Qd7 16. a5 d5 17. Bb5 Bc6 18. Bxc6 Qxc6 19. b4 c4 20. Re1 b5 21. f3 Nd7
22. e4 e6 23. e5 Rae8 24. f4 f6 25. Nf3 fxe5 26. fxe5 Bh6 27. Rf1 Qc8 28. Bg3
Rf5 29. Bh4 Ref8 30. g4 R5f7 31. Bf6 Nxf6 32. exf6 g5 33. h4 e5 34. dxe5 Qxg4+
35. Qg2 Qxg2+ 36. Kxg2 gxh4 37. Rad1 Re8 38. Rxd5 a6 39. Nxh4 Bf8 40. Nf5 h6
41. Nd4 Kh7 42. e6 Rc7 43. Rd7+ Rxd7 44. exd7 1-0

[Event "?"]
[Site "?"]
[Date "2004.04.01"]
[Round "11.13"]
[White "Chasovnikova, E."]
[Black "Kosintseva, N."]
[Result "1-0"]
[WhiteElo "2277"]
[BlackElo "2425"]
[PlyCount "109"]
[EventDate "2004.03.21"]

1. d4 Nf6 2. Nf3 d5 3. c4 e6 4. Nc3 dxc4 5. e3 a6 6. Bxc4 b5 7. Bb3 c5 8. O-O
Bb7 9. Qe2 Nbd7 10. Rd1 Qb8 11. e4 cxd4 12. Nxd4 Bd6 13. h3 O-O 14. a3 Rd8 15.
Bc2 Ne5 16. Bg5 h6 17. Bxf6 gxf6 18. Qh5 Bf8 19. Nce2 Qa7 20. Kh1 Bg7 21. f4
Nc4 22. Rd3 Bxe4 23. Rg3 Bxc2 24. f5 Kh8 25. Qg4 Rg8 26. Nxc2 e5 27. b3 Nd6 28.
Rd1 Rad8 29. Nc3 Qf2 30. Ne3 Qf4 31. Ncd5 Qxg4 32. Rxg4 Kh7 33. Nb4 h5 34. Rh4
Nxf5 35. Rxd8 Nxh4 36. Rxg8 Kxg8 37. Nxa6 f5 38. Nc7 f4 39. Ned5 e4 40. Nxf4
Be5 41. Nfd5 e3 42. Kg1 Bg3 43. Kf1 Bf2 44. Nxb5 Nf5 45. Nf6+ Kg7 46. Nxh5+ Kh6
47. g4 Ne7 48. a4 Nc6 49. Nd6 Kg6 50. Ne4 Bh4 51. Nf4+ Kh7 52. Ng2 Be7 53. Nxe3
Na5 54. Nd5 Ba3 55. b4 1-0

[Event "?"]
[Site "?"]
[Date "2004.04.01"]
[Round "11.14"]
[White "Mamedjarova, Z."]
[Black "Khurtsidze, N."]
[Result "0-1"]
[WhiteElo "2341"]
[BlackElo "2411"]
[PlyCount "76"]
[EventDate "2004.03.21"]

1. d4 Nf6 2. c4 e6 3. Nf3 d5 4. Nc3 Be7 5. e3 O-O 6. Bd3 dxc4 7. Bxc4 a6 8. O-O
b5 9. Bd3 Bb7 10. Qc2 Nbd7 11. Rd1 c5 12. dxc5 Bxc5 13. Ng5 h6 14. Nge4 Qb6 15.
Nxc5 Nxc5 16. Bf1 Rac8 17. Qe2 e5 18. Bd2 b4 19. Nb1 e4 20. Qe1 Rfd8 21. Rc1 a5
22. Rc2 Ba6 23. Bxa6 Qxa6 24. Qf1 Nd3 25. Rxc8 Qxc8 26. a3 Qc2 27. axb4 axb4
28. f3 Qxb2 29. Ra7 exf3 30. gxf3 Ne5 31. Kg2 Nd5 32. Qc1 Nxe3+ 33. Kh3 Qxc1
34. Bxc1 N3c4 35. Bf4 Rd1 36. Nd2 Rxd2 37. Bxd2 Nxd2 38. Ra2 Ndc4 0-1

[Event "?"]
[Site "?"]
[Date "2004.04.01"]
[Round "11.16"]
[White "Alexandrova, O."]
[Black "Makropoulou, M."]
[Result "1-0"]
[WhiteElo "2437"]
[BlackElo "2266"]
[PlyCount "65"]
[EventDate "2004.03.21"]

1. d4 e6 2. Nf3 b6 3. g3 Bb7 4. Bg2 d6 5. c4 Nd7 6. Nc3 g6 7. O-O Bg7 8. e4 Ne7
9. h4 h6 10. Be3 O-O 11. Qd2 Kh7 12. d5 Ba6 13. b3 exd5 14. exd5 Nf5 15. Bd4
Nxd4 16. Nxd4 Qf6 17. Rad1 Ne5 18. Ne4 Qd8 19. f4 Ng4 20. Nc6 Qd7 21. Nf2 Nxf2
22. Rxf2 Bb7 23. f5 Bxc6 24. dxc6 Qe7 25. Re1 Be5 26. Qd3 Rae8 27. Ref1 gxf5
28. Rxf5 Kh8 29. Kh1 Bg7 30. Bd5 Qe3 31. Qxe3 Rxe3 32. Rxf7 Rxf7 33. Rxf7 1-0

[Event "?"]
[Site "?"]
[Date "2004.04.01"]
[Round "11.19"]
[White "Djingarova, E."]
[Black "Makka, I."]
[Result "1/2-1/2"]
[WhiteElo "2344"]
[BlackElo "2205"]
[PlyCount "117"]
[EventDate "2004.03.21"]

1. e4 c6 2. d4 d5 3. Nd2 dxe4 4. Nxe4 Nd7 5. Ng5 Ngf6 6. Bd3 e6 7. N1f3 Bd6 8.
Qe2 h6 9. Ne4 Nxe4 10. Qxe4 Qc7 11. O-O b6 12. Qg4 Kf8 13. Bd2 Bb7 14. Rfe1 Re8
15. Rad1 Nf6 16. Qh4 c5 17. Ne5 Rd8 18. Bg5 Bxe5 19. dxe5 Rd4 20. Qh3 Rg4 21.
f3 Rxg5 22. exf6 gxf6 23. Be4 Bxe4 24. Rxe4 f5 25. Re2 Kg7 26. Red2 Qf4 27. Rd3
Qc4 28. R3d2 Rg8 29. g3 Qxa2 30. b3 Qa5 31. f4 Rg4 32. Qg2 Qc3 33. Rd3 Qb4 34.
Rd7 a5 35. Qf3 Rg6 36. Qe3 Rf8 37. Qe5+ Kh7 38. Rb7 Qe4 39. Qxe4 fxe4 40. Rxb6
Rc8 41. Rb7 Rg7 42. c4 f5 43. Rb6 Re7 44. Rb5 Ra7 45. Rd6 a4 46. bxa4 Rxa4 47.
Rb7+ Kg8 48. Rxe6 Rd8 49. Rg6+ Kf8 50. Rxh6 Kg8 51. Rg6+ Kh8 52. Kg2 Rxc4 53.
Kh3 Rcd4 54. Rh6+ Kg8 55. Rhh7 Rd2 56. Rbg7+ Kf8 57. Rf7+ Kg8 58. Rhg7+ Kh8 59.
Rh7+ 1/2-1/2

[Event "?"]
[Site "?"]
[Date "2004.04.01"]
[Round "11.20"]
[White "Bosboom-Lanchava, T."]
[Black "Sharevich, A."]
[Result "0-1"]
[WhiteElo "2323"]
[BlackElo "2236"]
[PlyCount "64"]
[EventDate "2004.03.21"]

1. d4 d5 2. Nf3 Nf6 3. c4 e6 4. Nc3 Be7 5. cxd5 exd5 6. Bf4 c6 7. Qc2 O-O 8. e3
Bd6 9. Ne5 Qe7 10. Bd3 Nbd7 11. Nxd7 Bxd7 12. Bg5 h6 13. Bh4 Qe6 14. O-O-O b5
15. Kb1 b4 16. Na4 Rab8 17. b3 Ne4 18. f3 Nc3+ 19. Nxc3 bxc3 20. e4 a5 21. exd5
Qxd5 22. Qxc3 a4 23. Bc4 Qf5+ 24. Kb2 axb3 25. axb3 Bb4 26. Qc2 Ba3+ 27. Kb1
Qh5 28. Be1 Bf5 29. Bd3 Be6 30. Bc4 Bxc4 31. Qxc4 Qg6+ 32. Rd3 Qxg2 0-1

[Event "?"]
[Site "?"]
[Date "2004.04.01"]
[Round "11.21"]
[White "Malysheva, P."]
[Black "Shaidullina, S."]
[Result "1-0"]
[WhiteElo "2281"]
[BlackElo "2316"]
[PlyCount "161"]
[EventDate "2004.03.21"]

1. e4 c5 2. Nf3 d6 3. d4 cxd4 4. Nxd4 Nf6 5. Nc3 Nc6 6. Bg5 e6 7. Qd2 Qb6 8.
Nb3 Be7 9. Bxf6 Bxf6 10. Qxd6 Be5 11. Qc5 Qxc5 12. Nxc5 O-O 13. O-O-O b6 14.
Nd3 Bxc3 15. bxc3 Bb7 16. f3 Rac8 17. Kb2 Rc7 18. Nc1 Rfc8 19. Bb5 Ne5 20. Ne2
h6 21. Bd3 g5 22. h3 b5 23. Rd2 Rc5 24. Rb1 Bc6 25. Kc1 h5 26. Rb4 a5 27. Rb3
Be8 28. Nd4 a4 29. Rb4 Rxc3 30. Bxb5 Rb8 31. Rxa4 Bxb5 32. Rb4 Rc5 33. a4 Nc4
34. Rd3 Ra8 35. Nxb5 Nb6 36. Nc3 Rc6 37. Kb1 Nc4 38. Nb5 Ne5 39. Ra3 Rb8 40.
Kc1 Rc5 41. Rbb3 Nc4 42. Rc3 Rbc8 43. Rab3 Kg7 44. Na7 Ra8 45. Rb4 Rxa7 46.
Rcxc4 Rca5 47. Kb2 Kf6 48. Kb3 Rd7 49. Rd4 Rc7 50. Rb5 Ra8 51. a5 Rac8 52. e5+
Kf5 53. c4 Rc6 54. Kb4 h4 55. Re4 Rd8 56. Rb6 Rc7 57. Kb5 Rd2 58. Rc6 Rb2+ 59.
Kc5 Ra7 60. a6 Ra2 61. Re3 R7xa6 62. Rxa6 Rxa6 63. Re2 f6 64. Kb5 Ra1 65. c5
Rb1+ 66. Ka6 Rc1 67. Kb6 fxe5 68. c6 e4 69. Rxe4 e5 70. c7 Ke6 71. Re1 Rc2 72.
Kb7 Rb2+ 73. Kc8 Rxg2 74. Rc1 Ra2 75. Kb7 Rb2+ 76. Kc6 Rd2 77. c8=Q+ Kf6 78.
Qf8+ Ke6 79. Rc5 Re2 80. Qd6+ Kf5 81. Qd3+ 1-0

[Event "?"]
[Site "?"]
[Date "2004.04.01"]
[Round "11.22"]
[White "Olarasu, G."]
[Black "Muhren, B."]
[Result "1/2-1/2"]
[WhiteElo "2311"]
[BlackElo "2135"]
[PlyCount "89"]
[EventDate "2004.03.21"]

1. c4 e5 2. Nc3 Nf6 3. g3 d5 4. cxd5 Nxd5 5. Bg2 Nb6 6. Nf3 Nc6 7. O-O Be7 8.
d3 O-O 9. Be3 Be6 10. a3 f5 11. b4 Bf6 12. Rc1 Nd4 13. Nd2 c6 14. Re1 Qd7 15.
Na4 Nxa4 16. Qxa4 a5 17. bxa5 Qd8 18. Bxd4 Rxa5 19. Qb4 Rb5 20. Qc3 exd4 21.
Qc2 Bg5 22. Rb1 Bxd2 23. Qxd2 Qb6 24. Rxb5 Qxb5 25. Qc2 Qa5 26. Rb1 Rf7 27. Qb2
Rd7 28. Qb4 Qxb4 29. Rxb4 Kf7 30. Kf1 Ke7 31. Ke1 Kd8 32. Kd2 Kc7 33. e3 dxe3+
34. fxe3 Rd6 35. Kc3 Bc8 36. a4 Rh6 37. Rh4 Rxh4 38. gxh4 b6 39. d4 Kd6 40. e4
fxe4 41. Bxe4 h6 42. Kb4 Be6 43. Kc3 Bd7 44. Kb4 Be6 45. Kc3 1/2-1/2

[Event "?"]
[Site "?"]
[Date "2004.04.01"]
[Round "11.23"]
[White "Yildiz, B."]
[Black "Sudakova, I."]
[Result "0-1"]
[WhiteElo "2118"]
[BlackElo "2310"]
[PlyCount "77"]
[EventDate "2004.03.21"]

1. d4 d5 2. Nf3 Nf6 3. e3 e6 4. Bd3 c5 5. c3 Nc6 6. O-O Bd6 7. Nbd2 O-O 8. dxc5
Bxc5 9. e4 Qc7 10. Qe2 Ng4 11. h3 Nge5 12. Bc2 d4 13. cxd4 Nxd4 14. Nxd4 Bxd4
15. Nb3 Bb6 16. Bf4 Qc4 17. Rfe1 Qxe2 18. Rxe2 Nc6 19. Rd1 e5 20. Be3 Bxe3 21.
Rxe3 Be6 22. Nc1 Nd4 23. Bb3 Nxb3 24. Nxb3 Rac8 25. Rd2 f6 26. f3 Kf7 27. Kf2
Ke7 28. Red3 b6 29. Ke3 Rc4 30. Rd1 Rfc8 31. a3 Rc2 32. R1d2 g6 33. h4 f5 34.
g3 h6 35. Ke2 R2c7 36. Ke3 Rc6 37. Rf2 a5 38. Nd2 Rc2 39. Rf1 0-1

[Event "?"]
[Site "?"]
[Date "2004.04.01"]
[Round "11.24"]
[White "Aginian, N."]
[Black "Calzetta Ruiz, M."]
[Result "1-0"]
[WhiteElo "2189"]
[BlackElo "2291"]
[PlyCount "93"]
[EventDate "2004.03.21"]

1. e4 c5 2. Nf3 g6 3. d4 cxd4 4. Qxd4 Nf6 5. Bc4 Nc6 6. Qd3 Bg7 7. O-O O-O 8.
Nc3 a6 9. a4 d6 10. h3 b6 11. Bg5 Nd7 12. Qe3 Nde5 13. Nxe5 Bxe5 14. Rad1 Be6
15. Bd5 Rc8 16. f4 Bg7 17. e5 Qd7 18. Qxb6 dxe5 19. Rfe1 Bxd5 20. Nxd5 Qe6 21.
fxe5 Qf5 22. Bxe7 Rfe8 23. Nf6+ Bxf6 24. exf6 Qxc2 25. Rc1 Qxa4 26. Qe3 Qh4 27.
Qf2 Qxf2+ 28. Kxf2 h6 29. Rc3 Nxe7 30. Rxc8 Rxc8 31. fxe7 Re8 32. Re3 Kg7 33.
b4 Kf6 34. Ra3 Rxe7 35. Rxa6+ Ke5 36. Rb6 Kd5 37. b5 Kc5 38. Rb8 Re6 39. Kg3
Rb6 40. Rxb6 Kxb6 41. Kf4 Kxb5 42. Ke5 Kc5 43. Kf6 Kd5 44. Kxf7 g5 45. Kg6 Ke5
46. Kxh6 Kf5 47. g4+ 1-0

[Event "?"]
[Site "?"]
[Date "2004.04.01"]
[Round "11.25"]
[White "Calotescu, A."]
[Black "Jelica, M."]
[Result "1-0"]
[WhiteElo "2290"]
[BlackElo "2222"]
[PlyCount "103"]
[EventDate "2004.03.21"]

1. Nf3 f5 2. d4 Nf6 3. g3 g6 4. Bg2 Bg7 5. b3 O-O 6. Bb2 d6 7. c4 e6 8. Nc3 h6
9. Qc2 Nc6 10. Rd1 Qe8 11. O-O g5 12. e3 Ne7 13. e4 f4 14. e5 Nh7 15. g4 dxe5
16. dxe5 Bd7 17. Ne4 Bc6 18. Ba3 Rf7 19. Rfe1 a5 20. Nc3 Nf8 21. Nb5 Neg6 22.
Nbd4 Bd7 23. h3 a4 24. b4 Rd8 25. b5 Ra8 26. Bf1 Bc8 27. Bd3 Rd7 28. Bb2 a3 29.
Bc3 c5 30. bxc6 bxc6 31. Nb3 Nh4 32. Nxh4 gxh4 33. Nc5 h5 34. Nxd7 Bxd7 35. f3
c5 36. Be4 Ba4 37. Qf2 Rc8 38. Rd6 hxg4 39. fxg4 Ng6 40. Rxe6 Ne7 41. Qxh4 Rc7
42. Qh7+ Kf8 43. Bg6 Bc2 44. Bxc2 Qf7 45. Rd6 Nc6 46. Qe4 Qe8 47. Ba4 Kg8 48.
Bxc6 Qe7 49. Bd5+ Kh8 50. Qf5 Qh4 51. Qh5+ Qxh5 52. gxh5 1-0

[Event "?"]
[Site "?"]
[Date "2004.04.01"]
[Round "11.26"]
[White "Ovod, E."]
[Black "Mietzner, T."]
[Result "1/2-1/2"]
[WhiteElo "2357"]
[BlackElo "2201"]
[PlyCount "95"]
[EventDate "2004.03.21"]

1. d4 d5 2. c4 e6 3. Nc3 c6 4. Nf3 dxc4 5. a4 Bb4 6. e3 b5 7. Bd2 a5 8. axb5
Bxc3 9. Bxc3 cxb5 10. b3 Bb7 11. bxc4 b4 12. Bb2 Nf6 13. Bd3 Nbd7 14. O-O O-O
15. Nd2 Qc7 16. f4 a4 17. Rc1 Rfb8 18. e4 a3 19. Ba1 b3 20. Nxb3 Bxe4 21. Bxe4
Nxe4 22. Nd2 Ndf6 23. Nxe4 Nxe4 24. f5 exf5 25. Rxf5 a2 26. Qd3 g6 27. Rff1 f5
28. c5 Ra5 29. Qc4+ Kf8 30. Qe2 Re8 31. Qe3 Nf6 32. Qg5 Ne4 33. Qh6+ Kg8 34.
Rc2 Rb8 35. d5 Rxc5 36. Rxa2 Rxd5 37. Kh1 Rbd8 38. Ra6 Qf7 39. Qc1 Rd1 40. Rxd1
Rxd1+ 41. Qxd1 Nf2+ 42. Kg1 Nxd1 43. Ra8+ Qf8 44. Rxf8+ Kxf8 45. Bd4 f4 46. Kf1
Ne3+ 47. Bxe3 fxe3 48. Ke2 1/2-1/2

[Event "?"]
[Site "?"]
[Date "2004.04.01"]
[Round "11.27"]
[White "Levushkina, E."]
[Black "Melnikova, Y."]
[Result "0-1"]
[WhiteElo "2303"]
[BlackElo "2171"]
[PlyCount "206"]
[EventDate "2004.03.21"]

1. e4 c5 2. Nf3 Nc6 3. Bb5 d6 4. O-O Bd7 5. c3 Nf6 6. Re1 a6 7. Bf1 Bg4 8. d3
e6 9. Nbd2 Be7 10. Nb3 O-O 11. h3 Bh5 12. d4 cxd4 13. Nbxd4 d5 14. exd5 Nxd4
15. cxd4 Nxd5 16. Qb3 Rc8 17. Re5 Bxf3 18. Qxf3 Nb4 19. Qxb7 Nc2 20. Rb1 Bf6
21. Rc5 Rb8 22. Qxa6 Nb4 23. Qc4 Bxd4 24. Rb5 Qh4 25. Be3 Rxb5 26. Qxb5 Bxe3
27. fxe3 Qe4 28. Re1 Nxa2 29. Qc4 Qxc4 30. Bxc4 Nb4 31. Rd1 g6 32. Kf2 Rb8 33.
Rb1 Nc2 34. Bd3 Nb4 35. Be2 Kg7 36. b3 Rc8 37. Bc4 Kf6 38. Ke2 Ra8 39. Rb2 Ke5
40. Kd2 Rb8 41. Rb1 Nd5 42. Rf1 f5 43. Ra1 Nb6 44. Ra5+ Kd6 45. Bd3 Nd5 46. Bc4
Nb6 47. Bd3 Nd5 48. Bc4 Rb7 49. Kd3 Ke5 50. Ke2 g5 51. Kf3 h5 52. g4 fxg4+ 53.
hxg4 Rf7+ 54. Kg2 h4 55. b4 Ke4 56. Bxd5+ exd5 57. Ra3 Rb7 58. Rb3 Rb5 59. Kf2
d4 60. exd4 Kxd4 61. Rb1 Kc4 62. Ke3 Rxb4 63. Rg1 Kd5 64. Kf3 Rb3+ 65. Kf2 Ke5
66. Rc1 Rb4 67. Rg1 Kf4 68. Kg2 Kxg4 69. Kh2+ Kh5 70. Rg2 g4 71. Rd2 Rb5 72.
Rd8 Rb2+ 73. Kg1 g3 74. Rg8 Rb5 75. Kg2 Rg5 76. Rc8 Rf5 77. Rg8 Rf2+ 78. Kg1
Ra2 79. Rg7 Ra3 80. Kg2 Ra2+ 81. Kg1 Ra6 82. Kg2 Rg6 83. Rh7+ Kg4 84. Rh8 Rb6
85. Rg8+ Kf5 86. Rf8+ Kg6 87. Kh3 Rb4 88. Rg8+ Kf5 89. Rf8+ Ke6 90. Rg8 Rf4 91.
Re8+ Kd5 92. Re7 Rf1 93. Rg7 Rh1+ 94. Kg2 Rh2+ 95. Kg1 Ke4 96. Rg8 Kf3 97. Rf8+
Kg4 98. Rc8 Kh3 99. Rc1 Ra2 100. Rb1 Ra4 101. Kh1 Kg4 102. Kg1 h3 103. Kh1 h2
0-1

[Event "?"]
[Site "?"]
[Date "2004.04.01"]
[Round "11.28"]
[White "Smokina, K."]
[Black "Bashkite, V."]
[Result "0-1"]
[WhiteElo "2278"]
[BlackElo "2119"]
[PlyCount "138"]
[EventDate "2004.03.21"]

1. c4 e5 2. Nc3 Nf6 3. g3 Nc6 4. Bg2 Bc5 5. e3 d5 6. Nxd5 Nxd5 7. cxd5 Nb4 8.
d3 Nxd5 9. Qa4+ c6 10. Bd2 O-O 11. Rc1 Qd6 12. a3 Bb6 13. Ne2 Qg6 14. d4 Bg4
15. f3 exd4 16. e4 d3 17. fxg4 Qxg4 18. Qd1 dxe2 19. Qxe2 Qg6 20. Rc4 Rfe8 21.
Rf1 Qe6 22. Bf3 Qe5 23. Rc2 Rad8 24. exd5 Qf5 25. Be4 Qxe4 26. Qxe4 Rxe4+ 27.
Kd1 Rxd5 28. Re1 Rxe1+ 29. Kxe1 Re5+ 30. Kd1 Rf5 31. Be1 Bd4 32. Re2 Kf8 33.
Kc2 Re5 34. Bb4+ Ke8 35. Rd2 c5 36. Bc3 Bxc3 37. bxc3 Ke7 38. Kb3 Re3 39. a4 b6
40. Kc4 a6 41. Rb2 Re4+ 42. Kd5 Rxa4 43. Rxb6 c4 44. Rb7+ Kf6 45. Rb6+ Kf5 46.
Rb7 Kg6 47. Rb6+ f6 48. Rb2 h5 49. Rf2 f5 50. h4 Kf6 51. Rb2 Ra5+ 52. Kxc4 Ke5
53. Re2+ Kd6 54. Rd2+ Kc6 55. Kb4 Re5 56. Rd3 g6 57. Ka4 Kc5 58. Kb3 Re4 59.
Rf3 a5 60. Rd3 a4+ 61. Ka3 Kc4 62. Rf3 Re6 63. Rf4+ Kxc3 64. Rxa4 Re3 65. Ka2
Kd2 66. g4 hxg4 67. Ra6 Rh3 68. Rxg6 Rxh4 69. Rg5 f4 0-1

[Event "?"]
[Site "?"]
[Date "2004.04.01"]
[Round "11.29"]
[White "Papadopoulou, V."]
[Black "Czaeczine, A."]
[Result "0-1"]
[WhiteElo "2247"]
[BlackElo "2153"]
[PlyCount "123"]
[EventDate "2004.03.21"]

1. d4 d5 2. c4 c6 3. Nf3 Nf6 4. e3 a6 5. Bd3 dxc4 6. Bxc4 b5 7. Bd3 e6 8. a4 b4
9. Nbd2 c5 10. Nb3 Nbd7 11. dxc5 Nxc5 12. Nxc5 Bxc5 13. Qe2 Bb7 14. e4 Qb6 15.
Bf4 Rd8 16. O-O O-O 17. a5 Qa7 18. Rac1 Rd7 19. Ne5 Rdd8 20. Nc4 Rfe8 21. Bc7
Rd4 22. Be5 Rd7 23. Bc2 Bc6 24. Qf3 Bd4 25. Rfd1 Red8 26. Bxd4 Rxd4 27. Rxd4
Rxd4 28. Qe3 Ng4 29. Qg5 h6 30. Qxg4 Rxc4 31. Qd1 Qd7 32. Qe2 Bb5 33. Rd1 Rd4
34. Qe1 Rxd1 35. Qxd1 Qxd1+ 36. Bxd1 e5 37. Bb3 Kf8 38. f3 Ke7 39. Kf2 f6 40.
Ke3 Kd6 41. g3 Kc5 42. f4 Bd7 43. Bd1 Kb5 44. h4 Kxa5 45. b3 Be6 46. Kd3 Kb5
47. Kd2 Kc5 48. Kd3 a5 49. Bc2 a4 50. bxa4 b3 51. Bb1 Kb4 52. a5 Kxa5 53. Kc3
Ka4 54. Kb2 Kb4 55. Bd3 Bc4 56. Bb1 Be2 57. fxe5 fxe5 58. g4 g5 59. hxg5 hxg5
60. Kc1 Kc3 61. Bc2 b2+ 62. Kb1 0-1

[Event "?"]
[Site "?"]
[Date "2004.04.01"]
[Round "11.30"]
[White "Roessler, U."]
[Black "Zakurdjaeva, I."]
[Result "0-1"]
[WhiteElo "2221"]
[BlackElo "2244"]
[PlyCount "58"]
[EventDate "2004.03.21"]

1. e4 c5 2. Nf3 e6 3. d4 cxd4 4. Nxd4 Nc6 5. Nc3 Qc7 6. Be3 a6 7. Bd3 b5 8.
Nxc6 dxc6 9. O-O Bb7 10. f4 c5 11. e5 b4 12. Nb1 c4 13. Be2 Nh6 14. c3 Nf5 15.
Bf2 Bc5 16. cxb4 Bxf2+ 17. Rxf2 Ne3 18. Qc1 Qb6 19. Nd2 Bd5 20. a3 Rc8 21. Bf3
O-O 22. Rb1 Rfd8 23. Qe1 Bxf3 24. Rxf3 c3 25. Nf1 Rd1 26. Rxe3 Rxe1 27. Rbxe1
cxb2 28. Nd2 Rc1 29. Kf1 Qxe3 0-1

[Event "?"]
[Site "?"]
[Date "2004.04.01"]
[Round "11.31"]
[White "Shmirina, E."]
[Black "Partac, E."]
[Result "1/2-1/2"]
[WhiteElo "2135"]
[BlackElo "2230"]
[PlyCount "128"]
[EventDate "2004.03.21"]

1. e4 c5 2. Nf3 Nc6 3. d4 cxd4 4. Nxd4 g6 5. Nc3 Bg7 6. Nb3 Nf6 7. Be2 d6 8.
Be3 O-O 9. f4 a6 10. g4 b5 11. Bf3 Bb7 12. h4 b4 13. Na4 Nd7 14. Qe2 Na5 15. h5
g5 16. h6 Bf6 17. O-O-O Rc8 18. e5 Bxf3 19. Qxf3 Qc7 20. Rh2 Nxb3+ 21. axb3
dxe5 22. fxg5 e4 23. Qf2 Bh8 24. Rg2 Ne5 25. Kb1 Rfd8 26. Rf1 Nf3 27. Bb6 Qf4
28. Bxd8 Rxd8 29. Ka2 Qxg5 30. Qb6 e6 31. Re2 Bf6 32. Rxe4 Nd2 33. Rxf6 Qxf6
34. g5 Qe7 35. Rd4 Rxd4 36. Qxd4 Qxg5 37. Qxb4 Qxh6 38. Qb8+ Kg7 39. Qe5+ Qf6
40. Qg3+ Kh8 41. Qb8+ Kg7 42. Qg3+ Kh8 43. Qh2 Kg7 44. Qxd2 h5 45. c4 h4 46. c5
h3 47. c6 Qe5 48. Qc3 Qxc3 49. bxc3 h2 50. c7 h1=Q 51. c8=Q Qh2+ 52. Nb2 Qd2
53. Qc7 Qg5 54. c4 e5 55. c5 e4 56. c6 e3 57. Nd3 e2 58. Qd7 Qd2+ 59. Ka3 Qa5+
60. Kb2 Qd2+ 61. Kb1 Qd1+ 62. Ka2 Qd2+ 63. Ka1 Qd1+ 64. Ka2 Qd2+ 1/2-1/2

[Event "?"]
[Site "?"]
[Date "2004.04.01"]
[Round "11.32"]
[White "Ciuksyte, D."]
[Black "Hitzgerova, G."]
[Result "1-0"]
[WhiteElo "2392"]
[BlackElo "2190"]
[PlyCount "69"]
[EventDate "2004.03.21"]

1. e4 c5 2. Nf3 e6 3. d4 cxd4 4. Nxd4 a6 5. Bd3 Qb6 6. Nb3 Qc7 7. O-O Nf6 8.
Qe2 d6 9. c4 Nbd7 10. f4 g6 11. Nc3 Bg7 12. Be3 b6 13. Rad1 O-O 14. Bb1 Re8 15.
Rd2 Nc5 16. Qd1 Bf8 17. Nxc5 bxc5 18. e5 dxe5 19. fxe5 Nh5 20. g4 Qxe5 21. Qf3
Bb7 22. Qxf7+ Kh8 23. Qf2 Ng7 24. Rd7 Bc6 25. Bf4 Qf6 26. g5 Qxf4 27. Qxf4 Bxd7
28. Qe5 Bc6 29. Be4 Rac8 30. Rf7 Kg8 31. Rc7 Rxc7 32. Qxc7 Bxe4 33. Nxe4 Nh5
34. Nf6+ Nxf6 35. gxf6 1-0

[Event "?"]
[Site "?"]
[Date "2004.04.01"]
[Round "11.33"]
[White "Stepovaia, T."]
[Black "Bensdorp, M."]
[Result "1/2-1/2"]
[WhiteElo "2374"]
[BlackElo "2161"]
[PlyCount "114"]
[EventDate "2004.03.21"]

1. e4 e6 2. d3 d5 3. Qe2 Nf6 4. Nf3 Be7 5. e5 Nfd7 6. g3 b5 7. Bg2 c5 8. O-O
Nc6 9. h4 O-O 10. Re1 a5 11. Nbd2 b4 12. Nf1 a4 13. N1h2 Ba6 14. h5 c4 15. Bf4
b3 16. axb3 cxb3 17. cxb3 axb3 18. Qd1 Nb4 19. Qxb3 Nxd3 20. Reb1 N7c5 21. Qd1
Nxf4 22. gxf4 Qb6 23. Ng4 Bd3 24. Rxa8 Rxa8 25. Ra1 Rxa1 26. Qxa1 Qa6 27. Qxa6
Nxa6 28. Ne3 Nb4 29. Kh2 h6 30. Kg3 Bc5 31. b3 Kf8 32. Ne1 Bb1 33. Nf3 Ba2 34.
Nd2 Nd3 35. Bf3 Bb4 36. Nef1 Nc5 37. Bd1 Ke7 38. Kf3 Kd7 39. Bc2 Bc3 40. Ke2
Kc6 41. Bh7 f6 42. exf6 Bxf6 43. b4 Na6 44. Bg6 e5 45. fxe5 Bxe5 46. Ne3 Nxb4
47. Ng4 Bb2 48. f4 Kd6 49. Nf3 Nc6 50. Ne3 Ne7 51. Bf7 Bf6 52. Nd2 Kd7 53. Kd3
Kd6 54. Ng4 Ba1 55. Ne3 Kd7 56. Nc2 Bf6 57. Nb4 Bc4+ 1/2-1/2